Vinimaya (Record no. 41541)

MARC details
000 -LEADER
fixed length control field 00266nam a22001097a 4500
008 - FIXED-LENGTH DATA ELEMENTS--GENERAL INFORMATION
fixed length control field 240928b |||||||| |||| 00| 0 eng d
022 ## - INTERNATIONAL STANDARD SERIAL NUMBER
International Standard Serial Number 09708456
041 ## - LANGUAGE CODE
Language code of text/sound track or separate title Eng
245 ## - TITLE STATEMENT
Title Vinimaya
260 ## - PUBLICATION, DISTRIBUTION, ETC.
Place of publication, distribution, etc. Pune
Name of publisher, distributor, etc. National Institute Of Bank Management
Date of publication, distribution, etc. 2024
942 ## - ADDED ENTRY ELEMENTS (KOHA)
Koha item type Serial
Holdings
Withdrawn status Lost status Source of classification or shelving scheme Damaged status Not for loan Home library Current library Date acquired Serial Enumeration / chronology Total Checkouts Barcode Date last seen Price effective from Koha item type Source of acquisition
    Dewey Decimal Classification     IMTN IMTN 09/28/2024 Vol. 44, No. 4   P30 09/28/2024 09/28/2024 Serial  
    Dewey Decimal Classification     IMTN IMTN 08/26/2025 Vol. 45, No. 3   P781 08/26/2025 12/31/2024 Serial 2025-08-26
    Dewey Decimal Classification     IMTN IMTN 09/08/2025 Vol. 45 No. 1   P801 09/08/2025 09/08/2025 Serial  
    Dewey Decimal Classification     IMTN IMTN 09/08/2025 Vol. 45 No. 2   P802 09/08/2025 09/08/2025 Serial  
Designed & Maintained by: LRC IMT Nagpur Contact: lrc@imtnag.ac.in© 2024. All Rights Reserved.